| 000 | 00342nam a2200133Ia 4500 | ||
|---|---|---|---|
| 005 | 20251222144721.0 | ||
| 008 | 251222s9999||||xx |||||||||||||| ||spa|| | ||
| 020 | _a84-8088-286-7 | ||
| 082 | _a658.46/T81 | ||
| 100 | _aTrischler, William E. | ||
| 245 | 0 | _aMejora del Valor Añadido en los Procesos: | |
| 264 | _bGestión 2000 | ||
| 942 | _cLIB | ||
| 999 |
_c18198 _d18198 |
||